Peaky Blinders Trivia - Statistics

General Stats
  • This quiz has been taken 270 times
    5 since last reset
  • The average score is 19 of 23
Answer Stats
Hint Answer % Correct
Thomas Shelby's four siblings Ada
100%
Thomas Shelby's four siblings Arthur
100%
City where the Peaky Blinders live Birmingham
100%
Actor of Thomas Shelby Cillian Murphy
100%
Thomas Shelby's four siblings Finn
100%
Thomas Shelby's four siblings John
100%
Lost son who reunites with the above Michael
100%
Aunt of the Shelby family Polly Gray
100%
Jewish gang leader portrayed by Tom Hardy Alfie Solomons
75%
Neighborhood his gang operates in {Camden} Town
75%
His two sons Charles
75%
Freddie Thorne's ideology Communism
75%
His two sons Duke
75%
Thomas Shelby's first wife Grace Burgess
75%
Changretta son who is the main villain of season 4 Luca
75%
Intro song of Peaky Blinders {Red} {Right} Hand
75%
His daughter who gets tuberculosis Ruby
75%
Favorite pub of the Peaky Blinders The {Garrison}
75%
2026 Peaky Blinders movie The {Immortal} Man
75%
His job in that war was to dig these Tunnels
75%
War that Thomas fought in World War I
75%
Actor of Inspector Campbell Sam Neill
50%
Thomas is a Catholic, but he often mixes Catholicism with _____ beliefs Romani
25%
No matching quizzes found
Score Distribution
Percent of People with Each Score
Percentile by Number Answered
Your Score History
You have not taken this quiz since the last reset